Lana Del Rey - Chansons de l'album Honeymoon - Statistiques

Statistiques générales
  • Ce quiz a été pris 15 fois
  • Le résultat moyen est 10 sur 14
Statistiques - réponses
Hint Réponse % Correct
Honeymoon 1 Honeymoon
100%
Honeymoon2 10 Salvatore
92%
Honeymoon 2 Music to Watch Boys to
83%
Honeymoon2 12 24
75%
Honeymoon 7 Art Deco
75%
Honeymoon2 13 Swan Song
75%
Honeymoon2 14 Don't Let Me Be Misunderstood
67%
Honeymoon 6 Freak
67%
Honeymoon2 8 Burnt Norton (Interlude)
58%
Honeymoon 4 God Knows I Tried
58%
Honeymoon 5 High by the Beach
58%
Honeymoon2 9 Religion
58%
Honeymoon 3 Terrence Loves You
58%
Honeymoon2 11 The Blackest Day
58%
Aucun quiz correspondant
Distribution des résultats
% des personnes avec chaque résultat
Percentile par nombre de réponses
Votre historique - résultats
Vous n’avez pas pris ce quiz